Online simulácia robotickej bunky

Gespeichert in:
Bibliographische Detailangaben
1. Verfasser: Peter, Radovan (Verfasst von)
Weitere Verfasser: Juhás, Martin (Betreuung Doktorarbeit)
Format: Manuskript Buch
Sprache:Slowakisch
Veröffentlicht: 2022
Schlagworte:
Online-Zugang:http://is.stuba.sk/zp/portal_zp.pl?podrobnosti=164163
Tags: Tag hinzufügen
Keine Tags, Fügen Sie das erste Tag hinzu!

MARC

LEADER 00000ntm a22000003a 4500
001 stuzp88924
003 SK-STU
005 20220611211542.6
007 ta
008 150427s2015----xo-----f-mn---000-0-slo-d
040 |a STU  |b slo 
041 0 |a slo 
100 1 |a Peter, Radovan  |u 066000  |k Z4  |4 aut  |U MTF Materiálovotechnologická fakulta  |T MTF Ústav aplikovanej informatiky, automatizácie a mechatroniky  |X 91707  |U M6000  |Y 86  |7 91707 
242 0 1 |a Online simulation of a robotic cell  |y eng 
245 1 0 |a Online simulácia robotickej bunky 
260 |c 2022 
650 4 |a Cognex  |2 slo 
650 4 |a PLC  |2 slo 
650 4 |a ABB  |2 slo 
650 4 |a RobotStudio  |2 slo 
650 4 |a In-Sight  |2 slo 
650 4 |a OPC  |2 slo 
650 4 |a Profinet  |2 slo 
650 4 |a Simulácia  |2 slo 
650 4 |a Robotická bunka  |2 slo 
650 4 |a Cognex  |2 eng 
650 4 |a PLC  |2 eng 
650 4 |a ABB  |2 eng 
650 4 |a RobotStudio  |2 eng 
650 4 |a In-Sight  |2 eng 
650 4 |a OPC  |2 eng 
650 4 |a Profinet  |2 eng 
650 4 |a Simulation  |2 eng 
650 4 |a Robotic cell  |2 eng 
700 1 |a Juhás, Martin  |u 066000  |k Z1  |4 ths  |U MTF Materiálovotechnologická fakulta  |T MTF Ústav aplikovanej informatiky, automatizácie a mechatroniky  |X 2855  |U M6000  |Y 86  |7 A000002855 
856 4 |u http://is.stuba.sk/zp/portal_zp.pl?podrobnosti=164163 
996 |c M* DP-15003  |l MMSKP  |s P  |a 0  |w stuzp88924_0001